| 000 | 00604nam a22001697a 4500 | ||
|---|---|---|---|
| 008 | 230405b |||||||| |||| 00| 0 eng d | ||
| 020 | _a0-230-50058-7 | ||
| 040 |
_aNational Science Library _cNational Science Library |
||
| 080 |
_a330.34(047.7) _bP6 |
||
| 245 |
_aBeyond scarcity: _c/ United Nations Development Programme _bPower, poverty and the global water crisis |
||
| 260 |
_aNew York: _bUnited Nations Development Programme, _c2006 |
||
| 300 | _axvi, 422p. | ||
| 490 |
_aHuman development report _v2006 |
||
| 650 | _aEconomics | ||
| 653 | _aHuman development indicators | ||
| 942 |
_2udc _cREP |
||
| 999 |
_c18686 _d18686 |
||